000 00947nas a2200301 4500
001 BR9900331
003 BR-BrBNA
005 20231205101203.0
007 ta
008 230509b bl.|||p| |||| 00| 00por d
040 _aBR-BrBNA
_bpor
_cBiblioteca Nacional de Agricultura
041 _a(Pt)
072 _aL10; U10
100 1 _aMourao, G.B.
100 1 _aBergmann, J.A.G.
100 1 _aFerreira, M.B.D.
245 1 _aDiferencas geneticas e estimacao de coeficientes de herdabilidade para temperamento em femeas Zebus e F1 Holandes x Zebu
650 _aGado Zebu
650 _aGado Holandes
650 _aFemea
650 _aHereditariedade
650 _aCruzamento Animal
650 _aVariacao Genetica
650 _aModelo Matematico
773 0 _tRevista Brasileira de Zootecnia (Brazil)
_xISSN 0100-4859
_g(Jul-Aug 1998), v. 27(4) p. 722-729
_wBR9900331
909 _a202311
_bLúcia
_c55
_dLúcia Elande
942 _2AGRIS
_n0
_cANA
999 _c160304
_d160304